Statystyki dla Która z reprezentacji jest lepsza?

Kliknij tutaj aby rozwiązać quiz!

Ogólne statystyki

  • Ten quiz został rozwiązany 190 razy
  • Średni wynik to 7 z 15

Statystyki odpowiedzi

ZagadnienieOdpowiedź% Poprawnych
Polska czy Stany Zjednoczone?Polska
85%
Litwa czy Łotwa?Litwa
78%
Finlandia czy Bułgaria?Finlandia
70%
Samoa Amerykańskie czy Czad?Czad
68%
San Marino czy Gibraltar?Gibraltar
64%
Trynidad i Tobago czy Indie?Trynidad i Tobago
56%
Kirgistan czy Tadżykistan?Kirgistan
47%
Rumunia czy Australia?Rumunia
46%
Grenada czy Barbados?XDGrenada
44%
Anglia czy Argentyna?Anglia
42%
Portugalia czy Hiszpania?Portugalia
41%
Saint Vincent i Grenadyny czy Mauritius?Saint Vincent i Grenadyny
38%
Holandia czy Niemcy?Holandia
27%
Curaçao czy Białoruś?Curaçao
26%
Andora czy Łotwa?Andora
15%

Rozkład punktacji

Percentyl według liczby udzielonych odpowiedzi

Procent ludzi z każdym wynikiem

Twoja historia wyników

Nie rozwiązałeś tego quizu